Axiología estética

Salvato in:
Dettagli Bibliografici
Autore principale: Kupareo, Raimundo (Autore)
Natura: Libro
Lingua:spagnolo
Pubblicazione: Santiago Universidad Católica de Chile 1957
Edizione:2a. ed
Soggetti:
Tags: Aggiungi Tag
Nessun Tag, puoi essere il primo ad aggiungerne!!

MARC

LEADER 00000nam a2200000 a 4500
001 UCZ9114
003 CL-VaPUC
008 960301e19570000CL |||||||||||||||||spa|d
082 0 4 |a 121.8  |b KUP  |2 21 
100 |a Kupareo, Raimundo  |e author  |9 354338 
245 1 0 |a Axiología estética 
250 |a 2a. ed 
300 |a 109 p 
942 |c BK 
945 |d 19960301 00:00:00  |a rleighto 
260 |a Santiago  |b Universidad Católica de Chile  |c 1957 
650 0 |a Filosofía   |9 223554 
650 0 |a Axiología  |9 334895 
650 0 |a Estética   |9 264950 
650 0 |a Valor  |9 323720 
650 0 |a Voluntad  |9 307812 
650 0 |a Ética  |9 255099 
650 0 |a Arte  |9 265238 
650 0 |a Ciencia  |9 255691 
583 |a last modification  |c 19960301 00:00:00  |k Rodrigo Vera 
999 |c 244697  |d 244695 
952 |0 0  |1 0  |4 0  |6 121_800000000000000_KUP_1957  |7 0  |8 P  |9 258859  |a BIBEDU  |b BIBEDU  |c BIBEDU_PB  |d 2019-11-19  |i 3172856  |o 121.8 KUP 1957  |p 3172856  |r 2024-01-25  |w 2019-11-19  |y BK  |k FIL